Catálogo

Vista normal Vista MARC

Entrada Personal Name

Número de registros utilizados en: 1

001 - CONTROL NUMBER

  • control field: 17318

003 - CONTROL NUMBER IDENTIFIER

  • control field: Mx-PuUPA

005 - DATE AND TIME OF LATEST TRANSACTION

  • control field: 20250714095952.0

008 - FIXED-LENGTH DATA ELEMENTS

  • fixed length control field: 250714|| aca||aabn | a|a d

035 ## - SYSTEM CONTROL NUMBER

  • System control number: (ISNI)0000000012346843

035 ## - SYSTEM CONTROL NUMBER

  • System control number: (OCoLC)0000000012346843

040 ## - CATALOGING SOURCE

  • Original cataloging agency: Mx-PuUPA
  • Language of cataloging: spa
  • Transcribing agency: Mx-PuUPA
  • Modifying agency: Mx-PuUPA
  • Description conventions: rda

100 1# - HEADING--PERSONAL NAME

  • Personal name: Pöllmann, Andreas,

373 ## - ASSOCIATED GROUP

  • Associated group: Universidad de Paderborn

374 ## - OCCUPATION

  • Occupation: Autor

375 ## - GENDER

  • Gender: hombre

377 ## - ASSOCIATED LANGUAGE

  • Language code: eng

670 ## - SOURCE DATA FOUND

  • Source citation: Cultura, lecturay deportes. Peercepciones, prácticas, aprendizaje y capital intercultural, 2015:
  • Information found: t.p. (Andras Póllmann) portada